Top 20 des pays aux plus hauts sommets du monde (AVEC CARTE) - Statistiques

Statistiques générales
  • Ce quiz a été pris 483 fois
  • Le résultat moyen est 17 sur 21
Réponses sur la Carte
Les réponses sont colorées sur une échelle allant du rouge au vert en fonction du pourcentage des utilisateurs qui les ont devinées à leur premier essai. Vous pouvez retrouver ces pourcentages ci-dessous.
 
Statistiques - réponses
Rang Pays Points culminants Altitude (en m) % Correct
1 Chine Everest 8848
99%
4 Inde Kangchenjunga 8586
96%
1 Népal Everest 8848
96%
11 Chili Nevado Ojos del Salado 6893
93%
15 Etats-Unis Denali 6190
93%
10 Argentine Aconcagua 6960
92%
12 Pérou Huascarán 6768
90%
16 Canada Mont Logan 5959
88%
(31) (France) (Mont Blanc) (4809)
87%
3 Pakistan K2 8611
87%
13 Bolivie Nevado Sajama 6542
83%
19 Colombie Pic Cristóbal Colón 5775
83%
20 Mexique Pic d'Orizaba 5675
80%
14 Équateur Chimborazo 6267
78%
5 Bhoutan Gangkhar Puensum 7570
75%
17 Tanzanie Kilimandjaro 5892
75%
7 Afghanistan Nowshak 7492
71%
9 Kazakhstan Khan Tengri 7010
68%
8 Kirghizistan Jengish Chokusu 7439
65%
6 Tadjikistan Pic Ismail Samani 7495
65%
18 Birmanie Hkakabo Razi 5881
51%
Aucun quiz correspondant
Distribution des résultats
% des personnes avec chaque résultat
Percentile par nombre de réponses
Votre historique - résultats
Vous n’avez pas pris ce quiz